Comuni del Veneto con la R - Statistics

Statistiche generali
  • Questo quiz è stato fatto 41 volte
  • Il punteggio medio è 11 su 23
Statistiche sulle risposte
Comune % Corretto
Rovigo
85%
Roncà
70%
Rosà
65%
Riese Pio X
60%
Romano d'Ezzelino
60%
Roncade
55%
Resana
50%
Rocca Pietore
50%
Rossano Veneto
50%
Rotzo
45%
Roverè Veronese
45%
Rovolon
45%
Recoaro Terme
40%
Refrontolo
40%
Rivamonte Agordino
40%
Rivoli Veronese
40%
Ronco all'Adige
40%
Rubano
40%
Revine Lago
35%
Roana
35%
Roveredo di Guà
30%
Rosolina
25%
Roverchiara
25%
Nessun quiz corrispondente trovato
Distribuzione punteggi
Percentuale di utenti per punteggio
Percentile per numero di risposta
I tuoi punteggi nel tempo
Non hai fatto questo quiz